A poem, delivered at the commencement of Rhode-Island College, September 6, A. D. 1797 /

Bibliographic Details
Main Author: Dodge, Paul, 1777-1808
Format: Book
Language:English

MARC

Tag First Indicator Second Indicator Subfields
LEADER 00000cam a2200000 i 4500
001 in00000098873
005 20150926125534.0
008 780712r19771797kyu b 00010 eng d
035 |a (OCoLC)04046533 
035 |9 AAL3550AM 
040 |a DLC  |c RRR  |d RRR  |d TXA  |d UtOrBLW 
049 |a TXAI 
099 |a fiche  |a C  |a 2015 
100 1 |a Dodge, Paul,  |d 1777-1808. 
245 1 2 |a A poem, delivered at the commencement of Rhode-Island College, September 6, A. D. 1797 /  |c by Paul Dodge ; published by request. 
264 3 |a Providence, [Rhode Island] :  |b printed by Carter and Wilkinson,  |c 1797. 
300 |a 8 pages ;  |c 19 cm. 
336 |a text  |b txt  |2 rdacontent 
337 |a microform  |b h  |2 rdamedia 
338 |a microfiche  |b he  |2 rdacarrier 
500 |a Microfiche. Louisville, Ky. : Lost Cause Press, 1977. -- 2 sheets ; 10.5 x 14.8 cm. -- (Sabin, Joseph, 1821-1881. [Bibliotheca Americana] Selected Americana. [Microfiche edition]) -- (Fiche book). 
500 |a "Sabin: 20509." 
500 |a "Copied from the original in the Library of Congress." 
500 |a Microform. 
999 |a MARS 
999 f f |s 187984bf-23e0-3460-b5ec-82a904567a3d  |i 1e0ccac3-5d58-3249-bf87-99ad836d3a2f  |t 0 
952 f f |p normal  |a Texas A&M University  |b College Station  |c Sterling C. Evans Library  |d Evans: Microforms (3rd floor)  |t 0  |e fiche C 2015  |h Other scheme  |i microform -- microfiche  |m A14820791717 
998 f f |a fiche C 2015  |t 0  |l Evans: Microforms (3rd floor)